Datum a čas kvízu
35
Celkem bodů
Celkový počet nahraných bodů na tomto kvízu bez doplňovacích otázek.
3.
Pořadí na kvízu
Konečné umístění týmu na tomto kvízu.
Zaznamenané odpovědi
| # | Otázka | Odpověď | Body | Výsledky |
|---|---|---|---|---|
| 1. | V pondělí jsme si připomněli D... | Jan Cina | 1 | |
| 2. | Rádio svobodná Evropa/Rádio Sv... | v Maďarsku | 0 | |
| 3. | Která česká kapela odehrála v... | J.A.R. | 1 | |
| 4. | Automobilka Ford oznámila, že... | Focus | 1 | |
| 5. | Na fotbalové mistrovství světa... | Curaçao | 1 | |
| 6. | Za půl bodu uveďte název ameri... | Bratrstvo neohrožených/Band of Brothers; Richard „Dick“ Winters | 1 | |
| 7. | Seřaďte následující vojenské h... | 1C 2A 3B 4D | 0 | |
| 8. | Po půl bodu uveďte jméno inter... | Karel Kryl; Píseň neznámého vojína | 1 | |
| 9. | Jednotka českých a slovenských... | o Francii | 0 | |
| 10. | Ve kterém satirickém románu vy... | Hlava XXII (Catch-22) | 0 |